| 000 | 01143cam a22002654a 4500 | ||
|---|---|---|---|
| 999 |
_c126677 _d126677 |
||
| 001 | 12241239 | ||
| 003 | ARRUPE | ||
| 005 | 20170817091908.0 | ||
| 008 | 001127s2001 miu b 000 0 eng | ||
| 010 | _a 00067684 | ||
| 020 | _a0802848028 (alk. paper) | ||
| 040 |
_aDLC _cDLC _dDLC |
||
| 042 | _apcc | ||
| 050 | 0 | 0 |
_aBX1784 _b.C48 2001 |
| 082 | 0 | 0 |
_a262/.13 _221 |
| 245 | 0 | 0 |
_aChurch unity and the papal office : _ban ecumenical dialogue on John Paul II's encyclical Ut unum sint (That all may be one) / _cedited by Carl E. Braaten and Robert W. Jenson. |
| 260 |
_aGrand Rapids, Mich. : _bW.B. Eerdmans, _cc2001. |
||
| 300 |
_aviii, 166 p. ; _c23 cm. |
||
| 504 | _aIncludes bibliographical references. | ||
| 610 | 2 | 0 |
_aCatholic Church. _bPope (1978-2005 : John Paul II). _tUt unum sint. _934831 |
| 650 | 0 |
_aChristian union. _934832 |
|
| 700 | 1 |
_aBraaten, Carl E., _d1929- _934833 |
|
| 700 | 1 |
_aJenson, Robert W. _92163 |
|
| 906 |
_a7 _bcbc _corignew _d1 _eocip _f20 _gy-gencatlg |
||
| 942 |
_2lcc _cMONOGRAPH |
||